000 00760nam a22002777a 4500
001 001160
003 DO-SdBNP
005 20180222114057.0
007 001160
008 160818b 1989 mx a ||| |||| 00| 0 spa d
020 _a9688471607
020 _a9688471674 (v. 1)
040 _aBPMSU
_bspa
_cBPMSU
092 _a
_b
100 _aFontaine de la, Jean
245 0 4 _aFábulas de la Fontaíne /
_b
_cJean de la Fontaíne
260 _aMéxico :
_bOrigen,
_c 1989.
_g(2a. reimpresión del 1991)
300 _av. :
_bil. ;
_c23 cm.
490 0 _a Cuentos y fábulas
490 1 _a
_v
830 0 _aCuentos y fábulas
830 0 _a
_n
942 _2ddc
_cBK
945 _aInventariado, 2018/ YL
956 _aVMATEO
_b10
_c20170116
_dBPMSU
_20069
999 _c12478
_d12478